Manažment informačnej bezpečnosti v malých a stredných podnikoch [recenzovaný] zborník vedeckých statí
Salvato in:
| Ente Autore: | |
|---|---|
| Altri autori: | , , , , |
| Natura: | Libro |
| Lingua: | slovacco |
| Pubblicazione: |
Bratislava
Vydavateľstvo EKONÓM
2015
|
| Edizione: | 1. vyd. |
| Soggetti: | |
| Tags: |
Nessun Tag, puoi essere il primo ad aggiungerne!!
|
MARC
| LEADER | 00000nlm a2200000 4500 | ||
|---|---|---|---|
| 001 | 0210063 | ||
| 005 | 20240610085351.9 | ||
| 020 | |a 978-80-225-4183-1 | ||
| 041 | 0 | |a slo | |
| 044 | |a SK | ||
| 245 | 1 | 0 | |a Manažment informačnej bezpečnosti v malých a stredných podnikoch |b [recenzovaný] zborník vedeckých statí |c zostavovatelia: Martina Beňová, Vladimír Bolek, František Korček ; recenzenti: Anita Romanová, Rastislav Šupšák |
| 250 | |a 1. vyd. | ||
| 264 | 1 | |a Bratislava |b Vydavateľstvo EKONÓM |c 2015 | |
| 300 | |a CD-ROM [123 s., 8,60 AH] | ||
| 610 | 2 | 0 | |a manažment informačný |
| 610 | 2 | 0 | |a systémy informačné |
| 610 | 2 | 0 | |a bezpečnosť informačná |
| 610 | 2 | 0 | |a riadenie rizík |
| 610 | 2 | 0 | |a podnik malý |
| 610 | 2 | 0 | |a podnik stredný |
| 700 | 1 | |a Beňová, Martina | |
| 700 | 1 | |a Bolek, Vladimír, 1988- | |
| 700 | 1 | |a Korček, František | |
| 700 | 1 | |a Romanová, Anita, 1973- | |
| 700 | 1 | |a Šupšák, Rastislav, 1988- | |
| 710 | 2 | |a Fakulta podnikového manažmentu EU. Katedra informačného manažmentu | |